00432nam a22001217a 4500041001200000082001700012100006700029245011900096260004000215300000800255650003100263700001600294 aEnglish a954.022bBRI a Firishtah, Muḥammad Qāsim Hindū Shāh Astarābādī a Get a Copy Find a copy in the library History of the rise of the Mohamedan power in India till the year A.D. 1612 aNew Delhi bAdam Publishers c2006. a342 aIslam -- India -- History. aJohn Briggs